000 00497nam a2200193Ia 4500
003 LK-CoDNM
005 20241203135651.0
008 010623t1975 xxu||||| |||| 00| 1 sin d
040 _aLK-CoDNM
_dLK-CoDNM
_eLK-CoDNM
041 _asin
080 _a294.3
100 _aKalyanawansa himi,Dampalgoda
245 _aවිහාර පුවත
246 _aVihara Puwatha
260 _bSri Nagarukkaramaya
_aEhaliyagoda
_c1975
300 _b10p. ; 21 cm
650 _aBuddhism
942 _cBK
999 _c109700
_d109700